00539nam a2200169 a 450000100100000000500170001000800410002702000180006804000250008608200200011110000250013124500740015626000370023030000270026750000470029450400280034100004704120201002053317.0180412s2016 dr a 000 0 spa d a9789945123685 aDO-SdBNPbspacBNPHU axxxxbR457c, 6o1 aReyes Báez, Yanett10aCiencias de la naturaleza 6 :bnivel primario /cYanett Reyes Báez. aSanto Domingo :bSusaeta,c2016. a196 p. :bil ;c29 cm. aEnfoque por competencias nuevo currículo aBibliografía : p. 196